000 00769nam0a22002531 4500
001 rc\2778611
005 20250806205406.0
035 _a(NLR Aleph) 006904863
090 _a33158
_c33158
100 _a20110915d1942 u y0rusy50 ca
101 0 _arus
102 _aRU
105 _aab z |||||
200 1 _aЗнай топографию
_fД. Шебалин
210 _aЭлиста
_cКалмиздат
_d1942
215 _a42 с.
_cил., табл., карт.
_d21 см.
700 1 _aШебалин
_bД.В.
_gДмитрий Васильевич
801 0 _aRU
_bNLR
_gpsbo
801 1 _aRU
_bELAR
_2rusmarc
852 _aNLR
_jВ10 Г-4/42
942 _cBOOK
945 _aРоссийская национальная библиотека
980 _aNB
980 _aBV